[Event "Madrid-ch Seniors"]
[Site "Madrid"]
[Date "2008.02.13"]
[Round "7"]
[White "Alemany Esteban, Carlos"]
[Black "Hernandez del Can, Jose Alberto"]
[Result "1-0"]
[WhiteElo "1926"]
[BlackElo "1856"]
[PlyCount "97"]
[EventDate "2008.02.05"]
[EventType "swiss"]
[EventRounds "7"]
[EventCountry "ESP"]
[SourceTitle "EXT 2010"]
[Source "ChessBase"]
[SourceDate "2010.11.25"]
[SourceVersion "1"]
[SourceVersionDate "2010.11.25"]
[SourceQuality "1"]

1. Nf3 Nf6 2. d4 g6 3. h3 Bg7 4. Bf4 Nh5 5. Bh2 d6 6. Nbd2 c5 7. c3 0-0 8. d5 b5 9. Qb3 Nd7 10. e4 b4 11. c4 a5 12. Rb1 Nb6 13. e5 dxe5 14. Nxe5 a4 15. Qc2 Bf5 16. Bd3 Bxd3 17. Qxd3 e6 18. d6 Qg5 19. Ng4 f5 20. Nf3 Nf4 21. Qf1 Qd8 22. Nge5 Nh5 23. Rd1 Nd7 24. Qd3 Ra6 25. 0-0 f4 26. Nxd7 Qxd7 27. g3 fxg3 28. fxg3 Bxb2 29. g4 Nf4 30. Bxf4 Rxf4 31. Qd2 Bd4+ 32. Nxd4 Rxd4 33. Qf2 Ra8 34. Rxd4 cxd4 35. Qxd4 b3 36. axb3 axb3 37. c5 Qc6 38. Qc4 Re8 39. Rb1 Rb8 40. Qxe6+ Kg7 41. Qe7+ Kh6 42. d7 Qd5 43. Re1 Qd4+ 44. Kg2 Qd2+ 45. Kg3 Qc3+ 46. Kh4 Qd4 47. Qe3+ Qxe3 48. Rxe3 b2 49. Re1 1-0